Statistics for The Caucasus in 30 seconds

Click here to take the quiz!

General Stats

  • This quiz has been taken 89 times
    (66 since last reset)
  • The average score is 7 of 9

Answers on the Map

Answers color-coded by a green-red scale on the quiz's map according to % correct below.
 

Answer Stats

Path% Correct
Georgia
93%
Armenia
92%
Russia
88%
Azerbaijan
86%
Turkey
86%
Iran
78%
Abkhazia
59%
South Ossetia
59%
Artsakh
42%

Score Distribution

Percentile by Number Answered

Percent of People with Each Score

Your Score History

You have not taken this quiz since the last reset